=LDR 00000nam 2200000 4500 =001 INLIS000000000030891 =005 20130612133012 =008 ***********************************ind** =035 ##$$0010-061300000030891 =041 ##$$a ind =082 ##$$a 2x4.31 =090 ##$$a 2x4.31, Jan b =100 ##$$a Januar,M.Iwan =245 ##$$a Bukan pernikahan Sinderella, M.Iwan Januar; penyunting, Linda =260 ##$$a 2007 $b Jakarta =300 ##$$a xi,207 hlm, 22 cm =650 ##$$a NIKAH =850 ##$$a NBPNMAT